| 000 | 01454nam a2200241Ia 4500 | ||
|---|---|---|---|
| 003 | Ost | ||
| 005 | 20260507075320.0 | ||
| 008 | 260507s9999||||xx |||||||||||||| ||und|| | ||
| 020 | _a9789957066977 | ||
| 040 | _cfsecg | ||
| 041 | _aara | ||
| 082 | _a657 | ||
| 100 |
_aالوقاد، سامي محمد _eمؤلف |
||
| 245 | 0 |
_aنظرية المحاسبة / _c سامي محمد الوقاد |
|
| 260 |
_aعمان: _bدار المسيرة للنشر والتوزيع, _c2011 |
||
| 300 |
_a304 صفحة؛ _bإيضاحات ؛ _c25 سم |
||
| 504 | _aببليوغرافيا: ص.303-304 | ||
| 520 | _aوظائف المحاسبة المالية و أهدافها، نشاة المحاسبة و تطورها و مجال تطبيقها و أهدافها، مبادئ المحاسبة المتعارف عليها أو المقبولة قبلولا عاما، التقارير المالية و أنواع القوائم المالية، التطور التاريخي لإعداد القوائم المالية متطلعات المستقبل، الربح، الايرادات و النفقات، المحاسبة كنظام للقياس و الافصاح، قائمة التدفقات النقدية، المحاسبة عن التضخم و تقبلات المستوى العام للأسعار | ||
| 653 | _aالمالية العامة- محاسبة | ||
| 653 | _aالمحاسبة | ||
| 653 | _aالمحاسبة التحليلية | ||
| 942 | _cكتاب | ||
| 999 |
_c43918 _d43918 |
||